Complete guide to fishing : The fish, the tackle & the techniques

Bibliographic Details
Main Author: Bailey`s, John
Other Authors: Chris Tarrant
Format: Book
Published: Leicester : Silverdale Books , 2003
Subjects:

MARC

LEADER 00000cam a2200000 7i4500
001 0000016724
005 20080428.0
008 080416
020 |a 1856058379 
090 0 0 |a 799.12   |b BAI 
100 1 |a Bailey`s, John 
245 1 0 |a Complete guide to fishing :   |b The fish, the tackle & the techniques   |c John Bailey`s 
260 |a Leicester :   |b Silverdale Books ,   |c 2003 
650 0 |a Fishing   |x Angling 
650 0 |a Fishing   |x Hobbies 
650 0 |a Fishing   |x Sports 
650 0 |a Fishing   |x Techniques 
700 1 |a Chris Tarrant 
999 |a 0001013918   |b Book   |c Adult Collection   |e Perbadanan Perpustakaan Awam Johor